000 00261 a2200109 4500
001 59298
090 _c36324
_d36324
100 _aWiesel william
245 _aSpaceflight dynamics, 2/e
250 _a2
260 _aND
_bTata McGraw-Hill Pub Company Ltd
_c2007
942 _aNUST-CAE
_k629.411 WIL
999 _c294371
_d294371